| 000 | 00822nam a22002057a 4500 | ||
|---|---|---|---|
| 999 |
_c370815 _d370815 |
||
| 008 | 201130b ||||| |||| 00| 0 eng d | ||
| 040 |
_bger _cDE-2950 _erda _aDE-2950 |
||
| 041 | _ager | ||
| 100 | _aWeber-Rath, Ines: | ||
| 245 |
_aFrankfurter Maler macht bei Sanierung kuriose Entdeckung. _bZufallsfund: Knut Stähr (62) ist seit 45 Jahren Handwerker und arbeitet zum dritten Mal auf der Rathaus-Baustelle. Dabei stieß er auf eine alte Tageszeitung / _cInes Weber-Rath |
||
| 264 | _c2021 | ||
| 653 | _aFrankfurt (Oder) | ||
| 653 | _aRathaus | ||
| 653 | _aSanierung | ||
| 773 |
_dFrankfurt (Oder): Märkisches Verlags- und Druckhaus GmbH & Co KG _g32. Jahrgang (2021) Nr. 218 vom 18./19.09.2021, S. 20 _tMärkische Oderzeitung |
||
| 942 | _cA | ||